000
00353nam a2200133Ia 4500
008
151001s9999||||xx |||||||||||||| ||und||
100
_a
प्रभा पार्दीकर
245
_a
चैत्राली
250
_a
1
260
_b
संतोष साहित्य
260
_c
1982
300
_a
112
365
_b
18
999
_c
964183
_d
964180